Statistics for World Capitals Closest to New Delhi - One Minute Sprint

Click here to take the quiz!

General Stats

  • This quiz has been taken 30 times
  • The average score is 9 of 20

Answer Stats

kmcapitalmiles% Correct
689Islamabad428
96%
1420Dhaka882
81%
802Kathmandu498
81%
1006Kabul625
67%
1226Thimphu762
67%
2438Colombo1515
63%
2546Tehran1582
63%
2751Malé1710
44%
1582Tashkent983
44%
1946Muscat1209
41%
1601Bishkek995
37%
2032Ashgabat1263
37%
2556Astana1588
37%
1350Dushanbe839
33%
2319Abu Dhabi1441
33%
2153Naypyidaw1338
30%
2571Doha1598
30%
2841Kuwait City1765
30%
2640Manama1641
15%
2815Baku1749
11%

Score Distribution

Percentile by Number Answered

Percent of People with Each Score

Your Score History

You have not taken this quiz